Příležitost, nebo hrozba? Zamyšlení nad rolí finančního arbitra
Činnosť finančného arbitra v Českej republike bola ustanovená na základe požiadaviek Európskej únie v roku 2002. Rozšírenie Úradu finančného arbitra v ČR - pôsobnosť a prehodnotenie v oblasti životného poistenia.
Gespeichert in:
| 1. Verfasser: | |
|---|---|
| Format: | Buchkapitel |
| Sprache: | Tschechisch Englisch |
| Schlagworte: | |
| Tags: |
Keine Tags, Fügen Sie das erste Tag hinzu!
|
MARC
| LEADER | 00000naa a2200000 4500 | ||
|---|---|---|---|
| 001 | 0194551 | ||
| 005 | 20220729104853.9 | ||
| 041 | 0 | |a cze | |
| 041 | 0 | |a eng | |
| 044 | |a CZ | ||
| 245 | 1 | 0 | |a Příležitost, nebo hrozba? Zamyšlení nad rolí finančního arbitra |c Jiří Šindelář |
| 520 | |a Činnosť finančného arbitra v Českej republike bola ustanovená na základe požiadaviek Európskej únie v roku 2002. Rozšírenie Úradu finančného arbitra v ČR - pôsobnosť a prehodnotenie v oblasti životného poistenia. | ||
| 610 | 2 | 0 | |a Česko |
| 610 | 2 | 0 | |a poisťovníctvo |
| 610 | 2 | 0 | |a poisťovne |
| 610 | 2 | 0 | |a poistenie životné |
| 610 | 2 | 0 | |a právo poistné |
| 610 | 2 | 0 | |a trh poistný |
| 610 | 2 | 0 | |a spory súdne |
| 610 | 2 | 0 | |a arbitráž |
| 100 | 1 | |a Šindelář, Jiří | |